Wybierz zdjęcie - Relacje ze zwierzętami - Statystyki

Ogólne statystyki
  • Ten quiz został rozwiązany 2 312 razy
  • Średni wynik to 7 z 14
Statystyki odpowiedzi
Zagadnienie Odpowiedź % Poprawnych
Wybierz najbliższego krewnego KOZY spośród tych trzech zwierząt:
93%
Wybierz najbliższego krewnego ŻYRAFY spośród tych trzech zwierząt:
86%
Wybierz najbliższego krewnego WIELBŁĄDA spośród tych trzech zwierząt:
85%
Wybierz najbliższego krewnego CZŁOWIEKA spośród tych trzech zwierząt:
73%
Wybierz najbliższego krewnego SŁONIA spośród tych trzech zwierząt:
66%
Wybierz najbliższego krewnego DELFINA spośród tych trzech zwierząt:
59%
Wybierz najbliższego krewnego KANGURA spośród tych trzech zwierząt:
57%
Wybierz najbliższego krewnego WIEWIÓRKI spośród tych trzech zwierząt:
52%
Wybierz najbliższego krewnego NIEDŹWIEDZIA spośród tych trzech zwierząt:
37%
Wybierz najbliższego krewnego SKORPIONA spośród tych trzech zwierząt:
36%
Wybierz najbliższego krewnego LENIWCA spośród tych trzech zwierząt:
34%
Wybierz najbliższego krewnego DZIOBAKA spośród tych trzech zwierząt:
31%
Wybierz najbliższego krewnego HIENY spośród tych trzech zwierząt:
28%
Wybierz najbliższego krewnego KROKODYLA spośród tych trzech zwierząt:
5%
Nie znaleziono quizów pasujących do podanych kryteriów
Rozkład punktacji
Procent ludzi z każdym wynikiem
Percentyl według liczby udzielonych odpowiedzi
Twoja historia wyników
Nie rozwiązałeś tego quizu